<A> history of Queensland public finance <the> third decade 1880/81-1889/90

Uložené v:
Podrobná bibliografia
Hlavný autor: Riha, T.J.F
Médium: Kniha
Jazyk:English
Vydavateľské údaje: Brisbane The University of Queensland 1997
Edícia:Discussion papers no. 219
Predmet:
Tagy: Pridať tag
Žiadne tagy, Buďte prvý, kto otaguje tento záznam!

MARC

LEADER 00000nam a2200000 4500
001 c100646
005 20221124074646.9
022 |a 1033-4661 
041 0 |a eng 
044 |a AU 
245 1 0 |a <A> history of Queensland public finance  |b <the> third decade 1880/81-1889/90  |c T.J.F. Riha 
264 1 |a Brisbane  |b The University of Queensland  |c 1997 
300 |a 37 s. 
490 1 |a Discussion papers  |v no. 219 
830 0 |a Discussion papers  |v no. 219 
610 2 0 |a financie verejné 
610 2 0 |a financie štátne 
610 2 0 |a vývoj hospodársky 
610 2 0 |a história 
610 2 0 |a populácia 
610 2 0 |a kolónie 
610 2 0 |a poľnohospodárstvo 
610 2 0 |a vývoz 
610 2 0 |a príjmy 
610 2 0 |a náklady 
610 2 0 |a decentralizácia 
610 2 0 |a výdavky 
610 2 0 |a dlhy 
610 2 0 |a účtovanie 
610 2 0 |a Austrália 
100 1 |a Riha, T.J.F.